Chefs lieux sans R - Statistiques

Statistiques générales
  • Ce quiz a été pris 19 fois
  • Le résultat moyen est 39 sur 52
Statistiques - réponses
Réponse % Correct
Dijon
93%
Lille
93%
Lyon
93%
Nice
93%
Valence
93%
Besançon
87%
Blois
87%
Mamoudzou
87%
Metz
87%
Nîmes
87%
Pau
87%
Saint-Denis
87%
Saint-Étienne
87%
Toulon
87%
Toulouse
87%
Vannes
87%
Agen
80%
Ajaccio
80%
Albi
80%
Alençon
80%
Amiens
80%
Annecy
80%
Bastia
80%
Beauvais
80%
Laval
80%
Le Mans
80%
Limoges
80%
Nancy
80%
Nantes
80%
Tulle
80%
Angoulême
73%
Auch
73%
Caen
73%
Gap
73%
Cayenne
67%
Digne-les-Bains
67%
Foix
67%
Le Puy-en-Velay
67%
Mâcon
67%
Melun
67%
Montauban
67%
Vesoul
67%
Avignon
60%
Chaumont
60%
Épinal
60%
Laon
60%
Mende
60%
Moulins
60%
Saint-Lô
60%
Bobigny
53%
Châlons-en-Champagne
47%
Pontoise
47%
Aucun quiz correspondant
Distribution des résultats
% des personnes avec chaque résultat
Percentile par nombre de réponses
Votre historique - résultats
Vous n’avez pas pris ce quiz